Typing Marathon: Big Four Teams Quiz Stats

 Plays Quiz Updated Jun 12, 2017

Also try: Typing Challenge
Challenge
Share
Tweet
Embed
Score 0/117 Timer 03:00
2 Plays Today
Type Team % Correct
????
100%
????
99.2%
????
98.6%
????
97.9%
????
97.4%
????
97.3%
????
97.1%
????
97%
????
96.8%
????
96.7%
????
96.6%
????
96.3%
????
96.1%
????
96%
????
95.9%
????
95.8%
????
95.7%
????
95.6%
????
95.6%
????
95.5%
????
95.4%
????
95.3%
????
95.3%
????
95.2%
????
95.2%
????
95.1%
????
95.1%
????
95%
????
94.9%
????
94.8%
????
94.7%
????
94.7%
????
94.6%
????
94.5%
????
94.5%
????
94.4%
????
94.3%
????
94.2%
????
94.1%
Type Team % Correct
????
94%
????
93.9%
????
93.9%
????
93.8%
????
93.7%
????
93.6%
????
93.5%
????
93.4%
????
93.4%
????
93.3%
????
93.1%
????
93%
????
92.9%
????
92.8%
????
92.7%
????
92.6%
????
92.4%
????
92.2%
????
92%
????
91.7%
????
91.5%
????
91.3%
????
91%
????
90.7%
????
90.3%
????
90.1%
????
89.7%
????
89.5%
????
89.2%
????
88.9%
????
88.4%
????
88.1%
????
87.8%
????
87.4%
????
86.9%
????
86.6%
????
86.1%
????
85.5%
????
84.6%
Type Team % Correct
????
83.9%
????
83.1%
????
82.3%
????
81.4%
????
80.4%
????
79.5%
????
78.3%
????
77.1%
????
76.1%
????
74.7%
????
73.2%
????
71.8%
????
69.7%
????
68%
????
66.2%
????
64.6%
????
62.8%
????
61%
????
59.1%
????
56.6%
????
53.9%
????
51.1%
????
48.8%
????
46.5%
????
43.7%
????
41.7%
????
39.3%
????
37.1%
????
35.1%
????
32.9%
????
30.4%
????
28%
????
25.8%
????
23.6%
????
21.2%
????
18.7%
????
16.6%
????
15.8%
????
14.5%

You're not logged in!

Compare scores with friends on all Sporcle quizzes.
Join for Free
OR
Log In

You Might Also Like...

Show Comments

Extras

Top Quizzes Today


Score Distribution

Your Account Isn't Verified!

In order to create a playlist on Sporcle, you need to verify the email address you used during registration. Go to your Sporcle Settings to finish the process.

Report this User

Report this user for behavior that violates our Community Guidelines.

Details: